Pohjois-Amerikan valtioiden liput - Statistics

Yleistilastot
  • Tätä visaa on pelattu 255 kertaa
  • Keskiarvotulos 17 / 23
Vastaustilastot
Kuvavisa Vastaus % Oikein
Meksiko
100%
Jamaika
97%
Yhdysvallat
96%
Kanada
88%
Kuuba
85%
Panama
77%
Saint Lucia
71%
Antigua ja Barbuda
70%
Honduras
70%
Trinidad ja Tobago
70%
Dominikaaninen tasavalta
69%
Costa Rica
68%
Belize
67%
Dominica
67%
Barbados
66%
Haiti
66%
Bahama
65%
Saint Vincent ja Grenadiinit
65%
Nicaragua
63%
Guatemala
62%
El Salvador
61%
Grenada
60%
Saint Kitts ja Nevis
60%
Ehtoja vastaavia visoja ei löytynyt
Tulosjakauma
Jokaisen tuloksen saaneiden osuus
Persentiili vastausten määrän mukaan
Tuloshistoriasi
Et ole pelannut tätä visaa